=LDR 00000nam 2200000 4500 =001 INLIS000000000036711 =005 20201014083014 =035 ##$$a 0010-061300000036711 =008 201014################g##########0#ind## =041 ##$$a Ind =082 ##$$a 306.81 =090 ##$$a 306.81, Gin s =100 ##$$a Ginanjar, Andriana S =245 1#$$a Sebelum janji terucap : $b Persiapan menuju perkawinan bahagia + tips dan strategi mengolah beragam konflik dengan pasangan, /$c Adriana S. Ginanjar =260 ##$$a Jakarta :$b Gramedia Pustaka Utama,$c 2011 =300 ##$$a xi, 190 hlm, : $b ilus. ; $c 20 x 14 cm. =650 #4$$a Perkawinan =850 ##$$a NBPNMAT =020 ##$$a 978-979-22-7536-0 =084 ##$$a 306.81 GIN s =990 ##$$a 21102484 =990 ##$$a 21102486 =990 ##$$a 21102485